[Event "Playchess"]
[Site "?"]
[Date "2005.04.30"]
[Round "?"]
[White "Short Nigel D"]
[Black "Kryakvin Dmitry"]
[Result "0-1"]
[WhiteElo "2673"]
[BlackElo "2459"]
[PlyCount "58"]
[EventDate "2005.??.??"]
[Source "www.chesslib.no"]
[SourceDate "2004.05.04"]

1. e4 c5 2. Nf3 d6 3. d4 cxd4 4. Nxd4 Nf6 5. Nc3 Nc6 6. Bc4 Qb6 7. Nxc6 bxc6 8. O-O e6 9. Qe2 Be7 10. e5 dxe5 11. Qxe5 O-O 12. b3 Ba6 13. Na4 Qb7 14. Nc5 Bxc5 15. Qxc5 Bxc4 16. Qxc4 Qb5 17. Qh4 Rfd8 18. Bb2 Qf5 19. Rac1 Rd7 20. Rfe1 Rad8 21. h3 h6 22. Re5 Rd1+ 23. Kh2 Qg6 24. Rxd1 Rxd1 25. Qc4 Rb1 26. Bd4 Nd7 27. Re2 Qh5 28. Rd2 Ne5 29. Qc5 Nf3+ 0-1

[Event "It (open)"]
[Site "Biel (Switzerland)"]
[Date "2007.07.28"]
[Round "6"]
[White "Nepomniachtchi Ian (RUS)"]
[Black "Makarov Marat (RUS)"]
[Result "1/2-1/2"]
[WhiteElo "2613"]
[BlackElo "2518"]
[PlyCount "87"]
[EventDate "2007.??.??"]
[Source "www.chesslib.no"]
[SourceDate "2004.05.04"]

1. e4 c5 2. Nf3 d6 3. d4 cxd4 4. Nxd4 Nf6 5. Nc3 Nc6 6. Bc4 Qb6 7. Nb3 e6 8. Bf4 Ne5 9. Be2 a6 10. g4 h6 11. h4 Qc7 12. Rg1 b5 13. g5 hxg5 14. hxg5 Nfd7 15. Qd4 Nc4 16. g6 Nde5 17. gxf7+ Qxf7 18. Bg5 Nf3+ 19. Bxf3 Qxf3 20. Nd2 Nxd2 21. Kxd2 Rh2 22. Be3 Qf6 23. Qb6 Qd8 24. Qxd8+ Kxd8 25. a3 Bd7 26. Rg5 Ke8 27. Rag1 Kf7 28. Bd4 e5 29. Be3 Be6 30. Nd5 Rc8 31. b3 Rh4 32. Kd3 Rh3 33. R5g2 a5 34. Rg3 Rxg3 35. Rxg3 Bxd5 36. exd5 Be7 37. Rg4 Bd8 38. a4 Rb8 39. Bd2 Rb7 40. Rg1 bxa4 41. bxa4 Rb2 42. Rg4 Bb6 43. f3 Rb1 44. Ke2 1/2-1/2

[Event "60th ch-RUS Higher League"]
[Site "Krasnoyarsk RUS"]
[Date "2007.09.11"]
[Round "8"]
[White "Nepomniachtchi, I."]
[Black "Makarov, M."]
[Result "1/2-1/2"]
[WhiteElo "2613"]
[BlackElo "2518"]
[PlyCount "80"]
[EventDate "2007.09.03"]
[Source "www.chesslib.no"]
[SourceDate "2004.05.04"]

1. e4 c5 2. Nf3 d6 3. d4 cxd4 4. Nxd4 Nf6 5. Nc3 Nc6 6. Bc4 Qb6 7. Nb3 e6 8. Bf4 Ne5 9. Be2 a6 10. Bg3 h5 11. h3 Bd7 12. f4 Qe3 13. Bh2 Ng6 14. Qd3 Qxd3 15. cxd3 h4 16. O-O Rc8 17. Rac1 Nh5 18. Bg4 Ng3 19. Bxg3 hxg3 20. Ne2 Rxc1 21. Nbxc1 Be7 22. Nxg3 Bd8 23. Nge2 Bb6+ 24. d4 Ke7 25. Kh2 Rc8 26. f5 Nf8 27. fxe6 Bxe6 28. Bxe6 Nxe6 29. d5 Nc5 30. Ng3 g6 31. Re1 Nd7 32. Nd3 Bd4 33. Ne2 Bg7 34. Rc1 Rxc1 35. Nexc1 Nc5 36. Nxc5 dxc5 37. b3 f5 38. exf5 gxf5 39. Kg3 Kd6 40. Ne2 Ke5 1/2-1/2

[Event "Campionato europeo 2007"]
[Site "Dresda GER"]
[Date "2007.04.13"]
[Round "10.69"]
[White "Sorokin, Maxim"]
[Black "Kozul, Zdenko"]
[Result "0-1"]
[WhiteElo "2517"]
[BlackElo "2610"]
[PlyCount "96"]
[EventDate "2007.04.03"]
[Source "www.chesslib.no"]
[SourceDate "2004.05.04"]

1. e4 c5 2. Nf3 d6 3. d4 cxd4 4. Nxd4 Nf6 5. Nc3 Nc6 6. Bc4 Qb6 7. Nxc6 bxc6 8. O-O g6 9. Qe1 Qc7 10. f4 Bg7 11. e5 Nd5 12. Kh1 Nxc3 13. Qxc3 O-O 14. b3 Bb7 15. Bb2 e6 16. b4 a5 17. a3 Rfc8 18. Qe3 d5 19. Bd3 c5 20. b5 d4 21. Qe2 c4 22. Be4 c3 23. Bc1 a4 24. Rb1 Bf8 25. Bd3 Rab8 26. h4 Bd5 27. Kh2 Ba2 28. Ra1 Bc4 29. Rb1 Rb6 30. Bxc4 Qxc4 31. Qxc4 Rxc4 32. Rd1 Be7 33. g3 f5 34. exf6 Bxf6 35. Rb4 Rxb4 36. axb4 Rxb5 37. Ba3 e5 38. Re1 Kf7 39. Kg2 exf4 40. gxf4 h5 41. Kg3 Be7 42. Kf3 Bxh4 43. Rh1 Bf6 44. Ke4 h4 45. Kd3 Ke6 46. Kc4 Rb8 47. b5 Rc8+ 48. Kd3 Kd5 0-1

[Event "Topola"]
[Site "?"]
[Date "2004.??.??"]
[Round "?"]
[White "Todorovic, G.M."]
[Black "Damljanovic, B."]
[Result "1/2-1/2"]
[WhiteElo "2545"]
[BlackElo "2580"]
[PlyCount "74"]
[EventDate "2004.??.??"]
[Source "Chess Informant"]
[SourceDate "2004.06.01"]

1. e4 c5 2. Nf3 d6 3. d4 cxd4 4. Nxd4 Nf6 5. Nc3 Nc6 6. Bc4 Qb6 7. Nde2 e6 8. O-O a6 9. a3 Be7 10. Ba2 O-O 11. Kh1 Qc7 12. f4 b5 13. f5 Ne5 14. Nd4 Nc4 15. fxe6 fxe6 16. Qd3 Bd7 17. a4 d5 18. Bf4 Qc5 19. axb5 axb5 20. exd5 exd5 21. Rab1 Kh8 22. b4 Qb6 23. h3 Qb7 24. Nde2 Be8 25. Ng3 Bg6 26. Qd1 Rfd8 27. Bb3 d4 28. Nxb5 Qxb5 29. Qe2 d3 30. Qxe7 dxc2 31. Rbc1 Rd7 32. Qc5 Qxc5 33. bxc5 Nd2 34. Bxd2 Rxd2 35. Nf5 Ne4 36. Kh2 Nxc5 37. Bxc2 Rad8 1/2-1/2

[Event "olm"]
[Site "Thessaloniki olm"]
[Date "1984.??.??"]
[Round "6"]
[White "Nunn, John D M"]
[Black "Dzindzichashvili, Roman"]
[Result "1-0"]
[WhiteElo "2600"]
[BlackElo "2520"]
[PlyCount "59"]
[EventDate "1984.??.??"]
[Source "www.chesslib.no"]
[SourceDate "2004.05.04"]

1. e4 c5 2. Nf3 d6 3. d4 cxd4 4. Nxd4 Nf6 5. Nc3 Nc6 6. Bc4 Qb6 7. Nb3 e6 8. O-O a6 9. a4 Qc7 10. a5 Bd7 11. Be2 Be7 12. Be3 Rc8 13. f4 O-O 14. Bg4 Nb4 15. Re1 e5 16. Ba7 Be6 17. Ra4 Bxb3 18. Rxb4 Bc4 19. Rxb7 Bb5 20. Qd5 Qd7 21. Qxb5 Ra8 22. Rc7 Qf5 23. b4 Qxe4 24. Be3 Qf5 25. Na2 exf4 26. Qc5 Qd3 27. b5 Bd8 28. c4 Rc8 29. Nc3 Qg6 30. Rd1 1-0

[Event "Luzern"]
[Site "?"]
[Date "1993.??.??"]
[Round "?"]
[White "Brunner, L."]
[Black "Khalifman, A."]
[Result "1/2-1/2"]
[WhiteElo "2475"]
[BlackElo "2645"]
[PlyCount "58"]
[EventDate "1993.??.??"]
[Source "ChessBase"]
[SourceDate "1993.10.01"]

1. e4 c5 2. Nf3 d6 3. d4 cxd4 4. Nxd4 Nf6 5. Nc3 Nc6 6. Bc4 Qb6 7. Nb3 e6 8. O-O Be7 9. Bg5 O-O 10. Bxf6 Bxf6 11. Qxd6 Rd8 12. Qg3 Be5 13. Qh3 Bd7 14. Kh1 Qb4 15. Bd3 Bxc3 16. a3 Qe7 17. bxc3 e5 18. Qe3 Be6 19. a4 f6 20. Rfb1 Bf7 21. a5 Qc7 22. Be2 Rd6 23. Qc5 Rad8 24. h3 b6 25. axb6 axb6 26. Qb5 Na7 27. Qb4 Nc6 28. Qb5 Na7 29. Qb4 Nc6 1/2-1/2

[Event "Kusadasi TUR"]
[Site "?"]
[Date "2006.04.07"]
[Round "4"]
[White "Czarnota Pawel"]
[Black "Miroshnichenko Evgenij"]
[Result "1/2-1/2"]
[WhiteElo "2497"]
[BlackElo "2619"]
[PlyCount "96"]
[EventDate "2006.??.??"]
[Source "www.chesslib.no"]
[SourceDate "2004.05.04"]

1. e4 c5 2. Nf3 d6 3. d4 cxd4 4. Nxd4 Nf6 5. Nc3 Nc6 6. Bc4 Qb6 7. Ndb5 a6 8. Be3 Qd8 9. Nd4 Ng4 10. Nxc6 bxc6 11. Qf3 Ne5 12. Qe2 e6 13. O-O-O Be7 14. Bd4 Qa5 15. Bb3 O-O 16. f4 Ng6 17. g3 c5 18. Bf2 Bf6 19. Be1 Qc7 20. h4 Bb7 21. h5 Ne7 22. g4 Nc6 23. g5 Nd4 24. Qg2 Nxb3+ 25. axb3 Bd4 26. Ne2 Be3+ 27. Bd2 Bxd2+ 28. Rxd2 d5 29. Rhd1 a5 30. h6 g6 31. exd5 a4 32. bxa4 Rxa4 33. b3 Ra1+ 34. Kb2 Rxd1 35. Rxd1 exd5 36. Qf2 Re8 37. Nc1 Qa5 38. Qd2 Qa7 39. Na2 Ra8 40. Ra1 Qa3+ 41. Kb1 d4 42. Qe2 Kf8 43. Qe5 Bc8 44. Qh8+ Ke7 45. Qf6+ Ke8 46. Qh8+ Ke7 47. Qf6+ Ke8 48. Qh8+ Ke7 1/2-1/2

[Event "B"]
[Site "Wijk-B"]
[Date "1990.??.??"]
[Round "4"]
[White "Polgar, Judit"]
[Black "Fedorowicz, John P"]
[Result "0-1"]
[WhiteElo "2550"]
[BlackElo "2560"]
[PlyCount "80"]
[EventDate "1990.??.??"]
[Source "www.chesslib.no"]
[SourceDate "2004.05.04"]

1. e4 c5 2. Nf3 d6 3. d4 cxd4 4. Nxd4 Nf6 5. Nc3 Nc6 6. Bc4 Qb6 7. Nb3 e6 8. Be3 Qc7 9. Qe2 a6 10. Bd3 b5 11. g4 h6 12. f4 Be7 13. O-O-O Nb4 14. Kb1 Rb8 15. Rc1 Nd7 16. a3 Nc6 17. Na2 g5 18. h4 gxf4 19. Bxf4 Nde5 20. Rcg1 Nxd3 21. Qxd3 b4 22. axb4 Nxb4 23. Qc3 Qxc3 24. Nxc3 e5 25. Bd2 Be6 26. Nc1 Kd7 27. Na4 Nxc2 28. Kxc2 Bb3+ 29. Kd3 Ba2 30. Nc3 Be6 31. g5 hxg5 32. hxg5 Rxh1 33. Rxh1 Rg8 34. Rg1 Kc6 35. Be3 Bd8 36. Nd5 Kd7 37. Kc4 Bxg5 38. Bb6 Rc8+ 39. Kd3 Rb8 40. Bc7 Rc8 0-1

[Event "Sibenik"]
[Site "?"]
[Date "2006.09.28"]
[Round "7.2"]
[White "Palac Mladen"]
[Black "Jankovic Alojzije"]
[Result "1/2-1/2"]
[WhiteElo "2584"]
[BlackElo "2525"]
[PlyCount "37"]
[EventDate "2006.??.??"]
[Source "www.chesslib.no"]
[SourceDate "2004.05.04"]

1. e4 c5 2. Nf3 d6 3. d4 cxd4 4. Nxd4 Nf6 5. Nc3 Nc6 6. Bc4 Qb6 7. Nxc6 bxc6 8. O-O g6 9. Qe1 Qc7 10. Bf4 Nd7 11. Qd2 Bg7 12. Bh6 O-O 13. Bxg7 Kxg7 14. Rad1 Rb8 15. Kh1 Nf6 16. b3 Qa5 17. Rfe1 Bb7 18. f4 Rbd8 19. Bd3 1/2-1/2

[Event "It (Men) Frascati ITA"]
[Site "?"]
[Date "2006.03.31"]
[Round "7"]
[White "Dervishi Erald"]
[Black "Damljanovic Branko"]
[Result "0-1"]
[WhiteElo "2491"]
[BlackElo "2615"]
[PlyCount "104"]
[EventDate "2006.??.??"]
[Source "www.chesslib.no"]
[SourceDate "2004.05.04"]

1. e4 c5 2. Nf3 d6 3. d4 cxd4 4. Nxd4 Nf6 5. Nc3 Nc6 6. Bc4 Qb6 7. Nb3 e6 8. O-O Be7 9. a4 O-O 10. a5 Qc7 11. Bd3 e5 12. Ra4 Be6 13. Nd5 Bxd5 14. exd5 Nxd5 15. Bxh7+ Kxh7 16. Qxd5 Qd7 17. Be3 Qe6 18. Rd1 Qxd5 19. Rxd5 Rfd8 20. Nd2 f6 21. Nc4 Kg6 22. c3 Kf7 23. Ra1 Ke6 24. Rad1 Rac8 25. b3 Rd7 26. Kf1 Bf8 27. f4 Rcd8 28. g4 g6 29. fxe5 dxe5 30. Rxd7 Rxd7 31. Rxd7 Kxd7 32. b4 a6 33. Ke2 Ke6 34. Nb6 f5 35. gxf5+ gxf5 36. Na4 Kd5 37. Bc5 Bg7 38. Nb6+ Ke6 39. c4 e4 40. Nd5 Be5 41. h4 f4 42. h5 Kf5 43. h6 Nd4+ 44. Bxd4 Bxd4 45. h7 f3+ 46. Kd2 Kg6 47. b5 Kg7 48. bxa6 bxa6 49. Nf4 Kh8 50. Kd1 e3 51. Nd3 Bc3 52. c5 e2+ 0-1

[Event "Dortmund-A"]
[Site "Dortmund"]
[Date "1990.??.??"]
[Round "?"]
[White "Kindermann, Stefan"]
[Black "Lobron, Eric"]
[Result "1/2-1/2"]
[WhiteElo "2560"]
[BlackElo "2545"]
[PlyCount "79"]
[EventDate "1990.04.??"]
[Source "ChessBase"]

1. e4 c5 2. Nf3 d6 3. d4 cxd4 4. Nxd4 Nf6 5. Nc3 Nc6 6. Bc4 Qb6 7. Nb3 e6 8. O-O Be7 9. Bg5 O-O 10. Kh1 Rd8 11. Qe1 h6 12. Bh4 Ne5 13. Bd3 Ng6 14. Bg3 e5 15. Nd2 Be6 16. Nc4 Qc7 17. Ne3 Rf8 18. Qe2 a6 19. Nf5 Rae8 20. Rad1 Bd8 21. Qd2 Qc6 22. f3 Ba5 23. Be1 Nf4 24. Qf2 Bxf5 25. exf5 d5 26. Bd2 Bc7 27. Rfe1 Nxd3 28. cxd3 e4 29. dxe4 dxe4 30. Nxe4 Nxe4 31. fxe4 Rxe4 32. Rxe4 Qxe4 33. Bc3 Rd8 34. Re1 Qc6 35. f6 g6 36. Qe3 Kh7 37. Qe7 Kg8 38. Qe3 Kh7 39. Qe7 Kg8 40. Qe3 1/2-1/2

[Event "EU-ch 2nd"]
[Site "Ohrid"]
[Date "2001.06.07"]
[Round "7"]
[White "Kuczynski, Robert"]
[Black "Kozul, Zdenko"]
[Result "1/2-1/2"]
[WhiteElo "2509"]
[BlackElo "2595"]
[PlyCount "110"]
[EventDate "2001.06.01"]
[Source "ChessBase"]
[SourceDate "2001.09.13"]

1. e4 c5 2. Nf3 d6 3. d4 cxd4 4. Nxd4 Nf6 5. Nc3 Nc6 6. Bc4 Qb6 7. Nb3 e6 8. O-O a6 9. a4 Bd7 10. a5 Qc7 11. Be2 Rc8 12. f4 Nb4 13. Bf3 Be7 14. Be3 O-O 15. Rf2 Qb8 16. Na4 Bxa4 17. Rxa4 d5 18. e5 Nd7 19. c3 Nc6 20. Ra1 Na7 21. Rd2 Nc5 22. Nd4 Nc6 23. g3 Nxd4 24. Bxd4 Nd7 25. b4 Rc6 26. Qe2 g6 27. Qe3 Qc8 28. Be2 Nb8 29. Kg2 Rc7 30. h4 h5 31. Qf3 Kg7 32. Rad1 Rh8 33. Bf1 Bd8 34. Be2 Nc6 35. Bb6 Rd7 36. Bf2 Bc7 37. Bg1 Bb8 38. Bf2 Rdd8 39. Bb6 Bc7 40. Bc5 Bb8 41. Bb6 Bc7 42. Bc5 Rde8 43. Qf2 Bd8 44. c4 dxc4 45. Bxc4 Be7 46. Rd7 Rd8 47. Qd2 Bxc5 48. bxc5 Rxd7 49. Qxd7 Rd8 50. Qxc8 Rxc8 51. Rd7 Kf8 52. Rxb7 Nxa5 53. Rb4 Nxc4 54. Rxc4 Ke8 55. Ra4 Rxc5 1/2-1/2

[Event "Senden"]
[Site "?"]
[Date "1996.??.??"]
[Round "?"]
[White "Golubev, M."]
[Black "Lerner, K."]
[Result "0-1"]
[WhiteElo "2520"]
[BlackElo "2580"]
[PlyCount "80"]
[EventDate "1996.??.??"]
[Source "ChessBase"]
[SourceDate "1996.10.01"]

1. e4 c5 2. Nf3 d6 3. d4 cxd4 4. Nxd4 Nf6 5. Nc3 Nc6 6. Bc4 Qb6 7. Nb3 e6 8. Bf4 Ne5 9. Be2 Bd7 10. O-O Be7 11. Be3 Qc7 12. f4 Nc4 13. Bd4 O-O 14. Bxc4 Qxc4 15. e5 Ne8 16. exd6 Bxd6 17. Ne4 Bc6 18. Nxd6 Nxd6 19. Bc5 Nf5 20. Bxf8 Bxg2 21. Rf2 Bd5 22. Nd2 Qd4 23. Ba3 Bc6 24. c4 Rd8 25. Qg4 Ne3 26. Qe2 e5 27. fxe5 Qxe5 28. Nf3 Qe4 29. Re1 Qg4+ 30. Kh1 Nf5 31. Rg1 Qh3 32. Rgg2 Re8 33. Qd3 Nh4 34. Qc3 Nxg2 35. Rxg2 g6 36. Rf2 Rd8 37. Qb3 Be4 38. Kg1 Rd3 39. Qb4 Rd1+ 40. Ne1 Qg4+ 0-1

[Event "Dubai op"]
[Site "Dubai"]
[Date "2001.04.25"]
[Round "9"]
[White "Ghaem Maghami, Ehsan"]
[Black "Sturua, Zurab"]
[Result "0-1"]
[WhiteElo "2500"]
[BlackElo "2600"]
[PlyCount "67"]
[EventDate "2001.04.15"]
[Source "ChessBase"]
[SourceDate "2001.07.05"]

1. e4 c5 2. Nf3 d6 3. d4 cxd4 4. Nxd4 Nf6 5. Nc3 Nc6 6. Bc4 Qb6 7. Nde2 e6 8. O-O a6 9. h3 Be7 10. Be3 Qc7 11. f4 b5 12. Bd3 O-O 13. a4 b4 14. Nb1 d5 15. e5 Ne4 16. Nd2 Rd8 17. Qe1 Bb7 18. Nb3 a5 19. Ned4 Nxd4 20. Bxd4 Bc6 21. Qe3 Rab8 22. f5 exf5 23. Rxf5 Bd7 24. Rff1 Be6 25. Rad1 h6 26. Rf3 Bg5 27. Qe2 Ra8 28. Rdf1 Rdc8 29. Rd1 Qc6 30. Kh2 Qb7 31. Rg1 Qb8 32. Bb5 Rc7 33. c3 bxc3 34. bxc3 0-1

[Event "Nordic-ch"]
[Site "Aarhus"]
[Date "2003.09.10"]
[Round "5"]
[White "Hector, Jonny"]
[Black "Stefansson, Hannes"]
[Result "1/2-1/2"]
[WhiteElo "2538"]
[BlackElo "2560"]
[PlyCount "66"]
[EventDate "2003.09.06"]
[Source "ChessBase"]
[SourceDate "2004.02.03"]

1. e4 c5 2. Nf3 d6 3. d4 cxd4 4. Nxd4 Nf6 5. Nc3 Nc6 6. Bc4 Qb6 7. Be3 Qxb2 8. Ndb5 Qb4 9. Qe2 Nxe4 10. Bxf7+ Kxf7 11. Rb1 Qa5 12. Qc4+ e6 13. Qxe4 d5 14. Qf3+ Kg8 15. O-O a6 16. Nxd5 axb5 17. Nb6 h5 18. Qe4 Nd8 19. Qd3 Nf7 20. Rxb5 Qxa2 21. Bc5 e5 22. Bxf8 Kxf8 23. Qc3 Be6 24. Nxa8 Qxa8 25. Rfb1 Qc8 26. Qd3 Bf5 27. Qa3+ Kg8 28. Rxb7 Qxc2 29. Rc1 Qd2 30. h3 Rh6 31. Rcc7 Rf6 32. Qa8+ Kh7 33. Rxf7 Qc1+ 1/2-1/2

[Event "JUG Team Ch"]
[Site "Cetinje"]
[Date "1990.??.??"]
[Round "2"]
[White "Ivanovic, Bozidar"]
[Black "Kozul, Zdenko"]
[Result "1-0"]
[WhiteElo "2520"]
[BlackElo "2575"]
[PlyCount "81"]
[EventDate "1990.??.??"]
[Source "www.chesslib.no"]
[SourceDate "2004.05.04"]

1. e4 c5 2. Nf3 d6 3. d4 cxd4 4. Nxd4 Nf6 5. Nc3 Nc6 6. Bc4 Qb6 7. Nb3 e6 8. Qe2 a6 9. f4 Be7 10. Be3 Qc7 11. O-O-O b5 12. Bd3 Nb4 13. Kb1 e5 14. Rc1 O-O 15. Rhf1 Be6 16. f5 Bc4 17. g4 d5 18. exd5 e4 19. Bxc4 Qxc4 20. Qxc4 bxc4 21. Nd2 Nfxd5 22. Nxd5 Nxd5 23. Nxc4 Rac8 24. Rcd1 Rfd8 25. Rxd5 Rxd5 26. Nb6 Rcd8 27. Nxd5 Rxd5 28. Kc1 g6 29. f6 Bd6 30. Bf4 g5 31. Bxd6 Rxd6 32. c4 h6 33. Re1 Rxf6 34. Rxe4 Kg7 35. c5 h5 36. Rc4 Rc6 37. gxh5 f5 38. b4 Kf7 39. a4 f4 40. Kd2 Ke7 41. b5 1-0

[Event "Niksic"]
[Site "Niksic"]
[Date "2000.??.??"]
[Round "?"]
[White "Ivanovic, Bozidar"]
[Black "Nevednichy, Vladislav"]
[Result "0-1"]
[WhiteElo "2502"]
[BlackElo "2589"]
[PlyCount "60"]
[EventDate "2000.??.??"]
[Source "www.chesslib.no"]
[SourceDate "2004.05.04"]

1. e4 c5 2. Nf3 d6 3. d4 cxd4 4. Nxd4 Nf6 5. Nc3 Nc6 6. Bc4 Qb6 7. Nb3 e6 8. O-O a6 9. a4 Qc7 10. a5 Be7 11. Be2 O-O 12. Be3 Bd7 13. f4 Nb4 14. Qd2 Rac8 15. Bb6 Qb8 16. Kh1 Bc6 17. Nd4 d5 18. Nxc6 Rxc6 19. exd5 Nbxd5 20. Nxd5 Nxd5 21. Bf3 Rfc8 22. Bxd5 exd5 23. c3 Bc5 24. Bxc5 Rxc5 25. f5 R8c6 26. Rae1 Qd8 27. b4 Rxc3 28. Qxd5 Qf8 29. f6 gxf6 30. Qd7 Qxb4 0-1

[Event "It (open) \"]
[Site "Minsk (Belarus)"]
[Date "2007.07.13"]
[Round "4"]
[White "Ostrovskiy Andrey (UKR)"]
[Black "Miroshnichenko Evgenij (UKR)"]
[Result "1/2-1/2"]
[WhiteElo "2417"]
[BlackElo "2671"]
[PlyCount "113"]
[EventDate "2007.??.??"]
[Source "www.chesslib.no"]
[SourceDate "2004.05.04"]

1. e4 c5 2. Nf3 d6 3. d4 cxd4 4. Nxd4 Nf6 5. Nc3 Nc6 6. Bc4 Qb6 7. Nb3 e6 8. O-O Be7 9. Kh1 O-O 10. f4 Qc7 11. Bd3 a6 12. Bd2 b6 13. Qf3 Bb7 14. Qh3 Rfe8 15. Rae1 Nb4 16. Nd4 Nxd3 17. cxd3 Bf8 18. Qg3 g6 19. f5 Bg7 20. fxe6 fxe6 21. Qh4 Qc5 22. Nb3 Qh5 23. Qxh5 Nxh5 24. Be3 b5 25. Na5 Bc8 26. d4 Bd7 27. a3 Rab8 28. Na2 Nf6 29. Bf4 e5 30. dxe5 dxe5 31. Bg5 Rf8 32. h3 Nh5 33. Kh2 Rfc8 34. Rd1 Be8 35. Nb4 Bf8 36. Be3 Nf4 37. Rd2 g5 38. g3 Ne6 39. Rf6 Bc5 40. Bxc5 Nxc5 41. Rf5 Nxe4 42. Re2 Bg6 43. Rxe5 Re8 44. Nac6 Rxe5 45. Nxe5 Nc5 46. Nxg6 hxg6 47. Re5 Rc8 48. Rxg5 Kf7 49. Re5 a5 50. Nd5 Nd3 51. Re2 Rc5 52. Nf4 Nxf4 53. gxf4 Rd5 54. Kg3 Rd3+ 55. Kg4 Rb3 56. Rc2 a4 57. Re2 1/2-1/2

[Event "Clarin GP Open 4th"]
[Site "Potrero de los Funes"]
[Date "1995.??.??"]
[Round "4"]
[White "Milos, Gilberto"]
[Black "Zarnicki, Pablo A"]
[Result "1/2-1/2"]
[WhiteElo "2560"]
[BlackElo "2520"]
[PlyCount "83"]
[EventDate "1995.06.17"]
[Source "www.chesslib.no"]
[SourceDate "2004.05.04"]

1. e4 c5 2. Nf3 d6 3. d4 cxd4 4. Nxd4 Nf6 5. Nc3 Nc6 6. Bc4 Qb6 7. Nb3 e6 8. Bf4 Ne5 9. Bb5+ Bd7 10. Bxd7+ Nfxd7 11. Qe2 a6 12. O-O-O Be7 13. h4 Qc7 14. Bg5 Nf6 15. f4 Nc6 16. h5 h6 17. Bh4 b5 18. Kb1 b4 19. Na4 O-O 20. g4 d5 21. Bxf6 Bxf6 22. exd5 exd5 23. Qf2 Ne7 24. Rhg1 Qc6 25. Nac5 a5 26. g5 hxg5 27. fxg5 Be5 28. Nd3 f6 29. Qe2 a4 30. Nbc5 a3 31. b3 Nf5 32. h6 Nd4 33. Qh5 Qe8 34. Qxe8 Rfxe8 35. gxf6 Bxf6 36. Nd7 Kh8 37. Nxf6 gxf6 38. Rg7 Ne2 39. Rf1 Re4 40. Rb7 Nc3+ 41. Ka1 Rae8 42. Rf7 1/2-1/2

[Event "Jugoslavija"]
[Site "?"]
[Date "1995.??.??"]
[Round "?"]
[White "Rublevsky, S."]
[Black "Nevednichy, V."]
[Result "1-0"]
[WhiteElo "2595"]
[BlackElo "2480"]
[PlyCount "124"]
[EventDate "1995.??.??"]
[Source "ChessBase"]
[SourceDate "1995.10.01"]

1. e4 c5 2. Nf3 d6 3. d4 cxd4 4. Nxd4 Nf6 5. Nc3 Nc6 6. Bc4 Qb6 7. Nb3 e6 8. Bf4 Ne5 9. Be2 Be7 10. Be3 Qc7 11. f4 Nc4 12. Nb5 Qc6 13. Bxc4 Qxc4 14. Qd3 Qc6 15. N3d4 Qd7 16. O-O-O O-O 17. e5 dxe5 18. fxe5 Ng4 19. Qe2 Nxe3 20. Qxe3 Bc5 21. Qg3 Bxd4 22. Nxd4 Qa4 23. Kb1 Bd7 24. h4 f5 25. b3 f4 26. Qg4 Qa5 27. Nf3 Qc7 28. Rd4 Bc6 29. Qxe6+ Qf7 30. Qxf7+ Rxf7 31. Re1 Re8 32. Kb2 h6 33. e6 Rf6 34. e7 Rf7 35. a4 a6 36. a5 g6 37. Re6 Kh7 38. Rdd6 Rg7 39. Ne5 Bxg2 40. Nxg6 f3 41. Rd8 Rgxe7 42. Rxe7+ Rxe7 43. Nxe7 f2 44. Rf8 f1=Q 45. Rxf1 Bxf1 46. Kc3 Kg7 47. Nf5+ Kf6 48. Ng3 Bg2 49. Kd4 Ke6 50. c4 Bc6 51. b4 Bf3 52. b5 axb5 53. cxb5 Bg2 54. Ne4 Kd7 55. Nd2 Ke6 56. Kc5 Kd7 57. Kb6 Bd5 58. Nb1 Kd6 59. Nc3 Bf3 60. Na4 Kd7 61. Nc5+ Kc8 62. Ka7 Kc7 1-0

[Event "JUG-chT"]
[Site "Tivat"]
[Date "1995.??.??"]
[Round "8"]
[White "Rublevsky, Sergei"]
[Black "Nevednichy, Vladislav"]
[Result "1-0"]
[WhiteElo "2595"]
[BlackElo "2480"]
[PlyCount "66"]
[EventDate "1995.??.??"]
[Source "ChessBase"]

1. e4 c5 2. Nf3 d6 3. d4 cxd4 4. Nxd4 Nf6 5. Nc3 Nc6 6. Bc4 Qb6 7. Nb3 e6 8. Bf4 Ne5 9. Be2 Be7 10. Be3 Qc7 11. f4 Nc4 12. Nb5 Qc6 13. Bxc4 Qxc4 14. Qd3 Qc6 15. N3d4 Qd7 16. O-O-O O-O 17. e5 dxe5 18. fxe5 Ng4 19. Qe2 Nxe3 20. Qxe3 Bc5 21. Qg3 Bxd4 22. Nxd4 Qa4 23. Kb1 Bd7 24. h4 f5 25. b3 f4 26. Qg4 Qa5 27. Nf3 Qc7 28. Rd6 Bc6 29. Qxe6+ Qf7 30. Qxf7+ Rxf7 31. Re1 Re8 32. Kb2 h6 33. e6 Rf6 1-0

[Event "JUG-chT playoff"]
[Site "Vrnjacka Banja"]
[Date "1999.08.29"]
[Round "1"]
[White "Ivanovic, Bozidar"]
[Black "Damljanovic, Branko"]
[Result "1/2-1/2"]
[WhiteElo "2518"]
[BlackElo "2554"]
[PlyCount "67"]
[EventDate "1999.08.29"]
[Source "www.chesslib.no"]
[SourceDate "2004.05.04"]

1. e4 c5 2. Nf3 d6 3. d4 cxd4 4. Nxd4 Nf6 5. Nc3 Nc6 6. Bc4 Qb6 7. Nb3 e6 8. Bf4 Ne5 9. Be2 Bd7 10. Qd2 a6 11. Bg5 Qc7 12. O-O b5 13. a3 Be7 14. Rad1 Nc4 15. Bxc4 bxc4 16. Nd4 h6 17. Bh4 g5 18. Bg3 e5 19. Nf5 Bxf5 20. exf5 Rb8 21. h4 Qc8 22. Qe2 Qxf5 23. Qxc4 O-O 24. hxg5 hxg5 25. Qxa6 Rxb2 26. Qa7 Re8 27. Rfe1 Rxc2 28. Nb5 Ne4 29. Qe3 Nxg3 30. Qxg3 Qg6 31. a4 Kg7 32. a5 Rc5 33. Nc3 Rxa5 34. Nd5 1/2-1/2

[Event "Bern zt"]
[Site "Bern"]
[Date "1990.??.??"]
[Round "5"]
[White "Brunner, Lucas"]
[Black "Lobron, Eric"]
[Result "1-0"]
[WhiteElo "2525"]
[BlackElo "2545"]
[PlyCount "101"]
[EventDate "1990.01.??"]
[Source "ChessBase"]

1. e4 c5 2. Nf3 d6 3. d4 cxd4 4. Nxd4 Nf6 5. Nc3 Nc6 6. Bc4 Qb6 7. Nb3 e6 8. O-O a6 9. Bg5 Ne5 10. Be2 Be7 11. Kh1 h5 12. a4 Bd7 13. a5 Qc7 14. f4 Ng6 15. Bf3 h4 16. Qe2 Ng8 17. Bxe7 N8xe7 18. Qd2 e5 19. f5 Nf4 20. Nc1 g5 21. fxg6 fxg6 22. Rd1 g5 23. Qxd6 Qxd6 24. Rxd6 g4 25. Bd1 g3 26. Nd3 h3 27. Nxf4 exf4 28. hxg3 fxg3 29. Be2 O-O-O 30. Rad1 hxg2+ 31. Kxg2 Kc7 32. R6d3 Ng6 33. Nd5+ Kb8 34. Rxg3 Nh4+ 35. Kg1 Bc6 36. c4 Rde8 37. Bd3 Re6 38. Rf1 Ng6 39. Rf6 Rxf6 40. Nxf6 Ne5 41. Be2 Kc7 42. b4 Kd6 43. b5 Be8 44. Rg7 axb5 45. cxb5 Bd7 46. Nxd7 Nxd7 47. e5+ Nxe5 48. Rxb7 Rh3 49. a6 Ra3 50. a7 Kc5 51. Kf2 1-0

[Event "RUS-ch"]
[Site "Elista"]
[Date "1995.??.??"]
[Round "4"]
[White "Dvoirys, Semen I"]
[Black "Lugovoi, Aleksei"]
[Result "1/2-1/2"]
[WhiteElo "2580"]
[BlackElo "2490"]
[PlyCount "83"]
[EventDate "1995.10.??"]
[Source "ChessBase"]

1. e4 c5 2. Nf3 d6 3. d4 cxd4 4. Nxd4 Nf6 5. Nc3 Nc6 6. Bc4 Qb6 7. Nde2 e6 8. O-O Be7 9. Ng3 O-O 10. a3 a6 11. Kh1 Ne5 12. Be2 Qc6 13. f4 Ng6 14. Bd3 b5 15. Nh5 Bb7 16. f5 Ne5 17. Bg5 Ned7 18. Qf3 Rae8 19. fxe6 fxe6 20. Qh3 Bd8 21. Nxf6+ Bxf6 22. e5 Qxg2+ 23. Qxg2 Bxg2+ 24. Kxg2 Bxg5 25. Ne4 Be3 26. exd6 Nc5 27. Rxf8+ Rxf8 28. Re1 Nxe4 29. Rxe3 Nxd6 30. Rxe6 Rd8 31. Kf3 Kf7 32. Re5 Nc4 33. Bxc4+ bxc4 34. Rc5 Rb8 35. Rxc4 Rxb2 36. a4 Ke6 37. Rc7 g5 38. Kg4 Rb4+ 39. Kxg5 Rxa4 40. Rxh7 Rc4 41. Rh6+ Ke7 42. Rxa6 1/2-1/2